• 首页
  • 本馆介绍
  • 公告通知
  • 最新文献
  • 馆藏检索
  • 电子资源
  • 读者导购
  • 参考咨询
  • 我的图书馆
  • 登录
  • 详细信息显示
  • 放入我的书架
  • 预约/预借图书
  • 作者相关作品
  • 分类相关作品
  • 丛书相关作品
  • 出版社相关作品

书目信息

  • 表格格式
  • 工作单格式
  • 卡片格式
题名:
数码摄影
    
 
作者: ;陆非摄影工作室 编著
分册:  
出版信息: 成都   电子科技大学出版社  2010
页数: 282页
开本: 26cm
丛书名:
单 册:
中图分类: TP86
科图分类:
主题词: 数字照相机--摄影技术 , 数字照相机 , 远动技术
电子资源:
ISBN: 978-7-5647-0530-5
000 01164nam0 2200265 450
001 1008
005 20161008083504.98
010    @a978-7-5647-0530-5@dCNY42.00
100    @a20110816d2010 em y0chiy0110 ea
101 0  @achi
102    @aCN@b510000
105    @aa z 000yy
200 1  @a数码摄影@9shu ma she ying@b专著@e构图+用光+曝光+人像+风光景物+婚纱+后期处理@f陆非摄影工作室编著
210    @a成都@c电子科技大学出版社@d2010
215    @a282页@c图@d26cm
330    @a本书内容包括:构图常识、摄影用光与曝光的运用、数码摄影主题拍摄之人像摄影篇、数码摄影主题拍摄之风光景物篇、数码摄影主题拍摄之婚纱篇、数码照片后期专业处理、数码照片的冲印与输出等。
516 1  @a数码摄影@e构图+用光+曝光+人像+风光景物+婚纱+后期处理精华全集@9shu ma she ying
517 1  @a构图+用光+曝光+人像+风光景物+婚纱+后期处理精华全集@9gou tu + yong guang + bao guang + ren xiang + feng guang jing wu + hun sha + hou qi chu li jing hua quan ji
606 0  @a数字照相机@x摄影技术
606 0  @a数字照相机
606 0  @a远动技术
690    @aTP86@v4
711 02 @a陆非摄影工作室@9lu fei she ying gong zuo shi@4编著
801  0 @aCN@b唐山师范学院图书馆@c20160830
905    @aZUCC@dTP86@e6
    
    数码摄影:构图+用光+曝光+人像+风光景物+婚纱+后期处理/陆非摄影工作室编著.-成都:电子科技大学出版社,2010
    282页:图;26cm
    
    
    ISBN 978-7-5647-0530-5:CNY42.00
    本书内容包括:构图常识、摄影用光与曝光的运用、数码摄影主题拍摄之人像摄影篇、数码摄影主题拍摄之风光景物篇、数码摄影主题拍摄之婚纱篇、数码照片后期专业处理、数码照片的冲印与输出等。
●
相关链接 在E读中查询图书 在五车中查询图书 在当当中查询图书 在豆瓣中查询图书


正题名:数码摄影     索取号:TP86/6         预约/预借

序号 登录号 条形码 馆藏地/架位号 状态 备注
1 906520   209065205   第二样本阅览室/ [索取号:TP86/6] 在馆    
2 906521   209065214   第三借阅区/ [索取号:TP86/6] 在馆    
3 906522   209065223   第三借阅区/ [索取号:TP86/6] 在馆    
4 906523   209065232   第三借阅区/ [索取号:TP86/6] 在馆    
5 906524   209065241   密集书库-物理学院/ [索取号:TP86/6] 在馆    
唐山师范学院图书馆 欢迎您!
大连网信软件有限公司© 版权所有